50 Heroes: 50 Books Quiz Stats

 Plays Quiz Updated Feb 27, 2014

Support Sporcle.
Go Orange.
Score 0/50 Timer 08:00
4 Plays Today
% Correct
Harry Potter and the ...
90.8%
The Diary of a Young Girl
90.5%
The Hobbit
89.2%
Casino Royale
86.2%
The Hunger Games
86%
Moby-Dick
85.1%
To Kill A Mockingbird
85%
The Chronicles of Narnia
81%
Les Misérables
78.6%
Wuthering Heights
72.3%
The Three Musketeers
72.1%
The Odyssey
69.9%
The Da Vinci Code
68.8%
Pride and Prejudice
68.5%
The Aeneid
67.5%
Around the World in Eighty Days
67.2%
The Girl with the Dragon Tattoo
64.7%
How the Grinch Stole Christmas!
62.9%
A Study in Scarlet
57%
The Jungle Book
55.2%
Animal Farm
54%
Treasure Island
53.1%
The Count of Monte Cristo
52.2%
The Grapes of Wrath
52.1%
Jane Eyre
49%
% Correct
Nineteen Eighty-Four
47.1%
Tinker, Tailor, Soldier, Spy
38.9%
The Big Sleep
37.3%
The Crucible
37.3%
Dracula
36.8%
His Dark Materials
34.1%
Watership Down
32.3%
Ulysses
29.8%
As You Like It
29.2%
A Tale of Two Cities
28.7%
The Trial
26.1%
Sense and Sensibility
26.1%
Ivanhoe
22.5%
Atlas Shrugged
21.2%
The Scarlet Pimpernel
19.9%
Far From The Madding Crowd
19.2%
Rabbit, Run
15.7%
The Witches
14.7%
A Wizard of Earthsea
11.3%
The Red Badge of Courage
11.2%
The Magic Mountain
10.1%
The Four Feathers
10.1%
Birdsong
9.7%
Dragonsong
9.6%
Lord Foul's Bane
9.4%

You're not logged in!

Compare scores with friends on all Sporcle quizzes.
OR
Log In

From the Vault

Constellation or Non-stellation?

by Magnavox

Seek your answer in the stars.
Remove Ads.
Support Sporcle.
Get the best of Sporcle when you Go Orange. This ad-free experience offers more features, more stats, and more fun while also helping to support Sporcle. Thank you for becoming a member.

Show Comments

Extras

Top Quizzes Today


Score Distribution

Your Account Isn't Verified!

In order to create a playlist on Sporcle, you need to verify the email address you used during registration. Go to your Sporcle Settings to finish the process.

Report this User

Report this user for behavior that violates our Community Guidelines.

Details: